000 00310nam a2200109Ia 4500
008 231129s9999||||xx |||||||||||||| ||spa||
040 _bspa
082 _aR 759.9861 G633p
245 0 _aPedro Nel Gómez
264 _aBogotá Colombia: Casa Museo Maestro Pedro Nel Gómez ; Villegas Editores
942 _2ddc
_cBKS
999 _c22540
_d22540